Top 15 Indian cities by GDP - Statistics

General Stats
  • This quiz has been taken 90 times
  • The average score is 12 of 15
Answer Stats
Answer % Correct
Delhi
98%
Mumbai
98%
Hyderabad
96%
Kolkata
96%
Bangalore
91%
Chennai
91%
Pune
91%
Lucknow
81%
Surat
78%
Jaipur
76%
Ahmedabad
74%
Nagpur
63%
Indore
54%
Patna
54%
Visakhapatnam
41%
No matching quizzes found
Score Distribution
Percent of People with Each Score
Percentile by Number Answered
Your Score History
You have not taken this quiz